Wellbeing in Interiors / (Record no. 5755)

MARC details
000 -LEADER
fixed length control field 00867cam a22002655a 4500
001 - CONTROL NUMBER
control field dp25j3nbb4nm19sn
003 - CONTROL NUMBER IDENTIFIER
control field LIBRIS
005 - DATE AND TIME OF LATEST TRANSACTION
control field 20230101064810.0
008 - FIXED-LENGTH DATA ELEMENTS--GENERAL INFORMATION
fixed length control field 190925s2019 us |||||||||||000 1|eng|c
020 ## - INTERNATIONAL STANDARD BOOK NUMBER
International Standard Book Number 9781859465790
035 ## - SYSTEM CONTROL NUMBER
System control number (Adlibris)9781859465790
040 ## - CATALOGING SOURCE
Original cataloging agency SEK
Description conventions a
Transcribing agency NA
041 ## - LANGUAGE CODE
Language code of text/sound track or separate title eng
082 ## - DEWEY DECIMAL CLASSIFICATION NUMBER
Classification number 747.019 G77 2019
100 1# - MAIN ENTRY--PERSONAL NAME
Personal name Grigoriou, Elina
245 10 - TITLE STATEMENT
Title Wellbeing in Interiors /
Statement of responsibility, etc. Elina Grigoriou.
264 #1 - PRODUCTION, PUBLICATION, DISTRIBUTION, MANUFACTURE, AND COPYRIGHT NOTICE
Name of producer, publisher, distributor, manufacturer RIBA PUBLISHING,
Date of production, publication, distribution, manufacture, or copyright notice 2019
300 ## - PHYSICAL DESCRIPTION
Extent 207 p,
Dimensions 24 cm.
340 ## - PHYSICAL MEDIUM
Dimensions 0 cm
887 ## - NON-MARC INFORMATION FIELD
Content of non-MARC field {"@id":"dp25j3nbb4nm19sn","modified":"2019-09-25T16:16:30.027+02:00","checksum":"31055823112"}
Source of data librisxl
887 ## - NON-MARC INFORMATION FIELD
Content of non-MARC field {"@id":"x7lp2m6wvxbp0bhv","modified":"2019-09-25T16:16:30.062+02:00","checksum":"24959564154"}
Source of data librisxl
942 ## - ADDED ENTRY ELEMENTS (KOHA)
Source of classification or shelving scheme Dewey Decimal Classification
Koha item type English Book
Suppress in OPAC No
Holdings
Withdrawn status Lost status Source of classification or shelving scheme Damaged status Not for loan Home library Current library Date acquired Total Checkouts Full call number Barcode Date last seen Copy number Price effective from Koha item type
    Dewey Decimal Classification     CENTRAL TUWAIQ 01/01/2023   747.019 G77 2019 1000000024455 01/01/2023 1 01/01/2023 English Book